00747nam a2200241 a 4500001001300000003000900013005001700022008004100039020001000080082001500090100002200105245002700127260004800154300000900202500003500211650001600246700002200262902000800284942000700292952009500299952009600394999001500490nice12345678IN_TiNIC20260116011428.0070717s1939 laha grp 000 0 urd  ac10000a239bBAR13 aBarkatulla, Padri aMasihiyat Ki Aalamgiri aLahorebPunjab Religious Booksociety c1939 a222p aincludes index and biblioraphy aApologetics1 aBarkatulla, Padri bSRS cBK 00104070aHMIbHMId2016-04-15g100.00l0o239 BAR13p4122r0000-00-00w2026-01-16yARB 00104070aHMIbHMId2016-04-15g100.00l0o239 BAR13p10869r0000-00-00w2026-01-16yARB c1446d1446